000 00640cam a22002293a 4500
001 28637
003 PGUSA
005 20140828083622.0
008 090429s2009||||xxu|||||s|||||000 1 eng d
040 _aPGUSA
_beng
042 _adc
050 4 _aPR
100 1 _aOliphant,
_cMrs
_q(Margaret),
_d1828-1897
245 1 4 _aThe Marriage of Elinor
_h[electronic resource] /
_cOliphant,
260 _bProject Gutenberg,
_c2009
506 _aPublic domain in the USA.
516 _aElectronic text
653 _aMarried women -- Fiction
830 0 _aProject Gutenberg
_v28637
856 4 0 _uhttp://www.gutenberg.org/ebooks/28637
942 _cEB
999 _c257892
_d257892